AH International Schools' Libraries

What's wrong? : In the wild / (Record no. 50034)

MARC details
000 -LEADER
fixed length control field 00940nam a2200289 4500
020 ## - INTERNATIONAL STANDARD BOOK NUMBER
International Standard Book Number 9781786038487
Qualifying information PDF
020 ## - INTERNATIONAL STANDARD BOOK NUMBER
International Standard Book Number 9781682973738
037 ## - SOURCE OF ACQUISITION
Stock number 9781786038487
Source of stock number/acquisition Ingram Content Group
040 ## - CATALOGING SOURCE
Original cataloging agency Uk
Language of cataloging eng
Transcribing agency Uk
042 ## - AUTHENTICATION CODE
Authentication code ukblsr
072 #7 - SUBJECT CATEGORY CODE
Subject category code JNF
Subject category code subdivision 003000
Source bisacsh
072 #7 - SUBJECT CATEGORY CODE
Subject category code JNF
Subject category code subdivision 051000
Source bisacsh
072 #7 - SUBJECT CATEGORY CODE
Subject category code YNG
Source bicssc
072 #7 - SUBJECT CATEGORY CODE
Subject category code YNNR
Source bicssc
082 04 - DEWEY DECIMAL CLASSIFICATION NUMBER
Classification number 590
Edition number 23
100 1# - MAIN ENTRY--PERSONAL NAME
Personal name Veitch, Catherine,
Relator term author.
9 (RLIN) 87060
245 10 - TITLE STATEMENT
Title What's wrong? : In the wild /
Statement of responsibility, etc Catherine Veitch ; illustrated by Fermin Solis.
260 ## - PUBLICATION, DISTRIBUTION, ETC. (IMPRINT)
Name of publisher, distributor, etc words & pictures :
Date of publication, distribution, etc August 14, 2018.
300 ## - PHYSICAL DESCRIPTION
Extent 1 online resource (24 pages).
490 ## - SERIES STATEMENT
Series statement What's wrong?
650 #0 - SUBJECT ADDED ENTRY--TOPICAL TERM
Topical term or geographic name as entry element Animals
Form subdivision Pictorial works
-- Juvenile literature.
9 (RLIN) 25968
650 ## - SUBJECT ADDED ENTRY--TOPICAL TERM
Topical term or geographic name as entry element Picture puzzles
Form subdivision Juvenile literature.
700 ## - ADDED ENTRY--PERSONAL NAME
Personal name Solís, Fermín,
Dates associated with a name 1972-
Relator term artist.
9 (RLIN) 87061
942 ## - ADDED ENTRY ELEMENTS (KOHA)
Source of classification or shelving scheme
Koha item type Book
Holdings
Withdrawn status Lost status Source of classification or shelving scheme Damaged status Not for loan Home library Current library Date acquired Total Checkouts Full call number Barcode Date last seen Date checked out Price effective from Koha item type
          Logos International School Logos International School 01/13/2026 2 J 599 VEI 100141 04/06/2026 04/01/2026 01/13/2026 Book

For any Logos Library related questions please contact Miss Art at swongnarasuk@asianhope.org.

For any Asian Hope Library related questions please contact Miss Raza at graza@asianhope.org.

Click here to explore our ebooks!

Powered by Koha